000
00347cam a2200157ua 4500
041
_a
eng
_h
082
_a
828.09
_b
LUC/ST
100
_a
Lucas, F L .
245
_a
Style /
_c
F L Lucas.
_h
Textual Documents
250
_a
1 /
_b
.
260
_a
London :
_b
cassel ,
_c
1964.
300
_a
294 ; .
504
_a
942
_c
BK
999
_c
4058
_d
4058